000
00274nam a22001217a 4500
082
_a
551.5 PET'I
100
_a
PETTERSSON, SVERRE
_9
78507
245
_a
INTRODUCTION TO METEOROLOGY
250
_a
3RD
260
_a
NEWYORK
_b
MCGRAW HILL
_c
1969
300
_a
333P
942
_c
BK
999
_c
583617
_d
583617